000 00412nam a2200169Ia 4500
003 GCL
008 140319s9999 xx 000 0 eng d
040 _aGCL /
_cGCL
082 0 4 _a659.1
_bA C
100 1 _aARNES, WILLIAM
245 1 0 _aCONTEMPORARY ADVERTISING /
_cARNES, WILLIAM
260 _a[S.N] :
_bIRWIN ،
_c1996
300 _a501 P
650 0 4 _aADVERTISING
650 0 4 _aMARKETING
942 _2ddc
_cBK
999 _c13602
_d13602